00585nam a22002057a 450000500170000001000130001702000100003003500130004003700160005304000120006908200170008124500780009826000470017627000460022330000260026950000200029565000150031565000270033070000220035720170124110038.0 aA-258162 c00.00 aA-258162 bCen Lib/Ret aDPLbEN a338.954bECO aEconomic development and planning in India /cedited by K.N. Subrahmanya  aNew DelhibDeep & deep publications c1985 aD-1/24, Rajouri gardenbNew Delhie110064 aviii,423p. c20cm(Hb) aIncludes index  aEconomics  aEconomical development aSubrahmanya, K.N.